Влияние занятий декоративно-прикладным искусством на уровень развития навыков детей с ограниченными возможностями; Международный журнал прикладных и фундаментальных исследований; № 1-1

Opis bibliograficzny
Parent link:Международный журнал прикладных и фундаментальных исследований.— , 2007-
№ 1-1.— 2015.— [С. 174-175]
1. autor: Косовец Е. Л. Евгения Леонидовна
Korporacja: Национальный исследовательский Томский политехнический университет Юргинский технологический институт (филиал) Кафедра безопасности жизнедеятельности, экологии и физического воспитания
Kolejni autorzy: Орлова К. Н. Ксения Николаевна
Streszczenie:Заглавие с экрана
Режим доступа: по договору с организацией-держателем ресурса
Język:rosyjski
Wydane: 2015
Seria:Педагогические науки
Hasła przedmiotowe:
Dostęp online:https://elibrary.ru/item.asp?id=22751409
Format: MixedMaterials Elektroniczne Rozdział
KOHA link:https://koha.lib.tpu.ru/cgi-bin/koha/opac-detail.pl?biblionumber=667714

MARC

LEADER 00000naa0a2200000 4500
001 667714
005 20250404161839.0
035 |a (RuTPU)RU\TPU\network\38925 
035 |a RU\TPU\network\4622 
090 |a 667714 
100 |a 20220413d2015 k||y0rusy50 ca 
101 0 |a rus 
102 |a RU 
135 |a drcn ---uucaa 
181 0 |a i  
182 0 |a b 
200 1 |a Влияние занятий декоративно-прикладным искусством на уровень развития навыков детей с ограниченными возможностями  |f Е. Л. Косовец, К. Н. Орлова 
203 |a Текст  |c электронный 
225 1 |a Педагогические науки 
300 |a Заглавие с экрана 
320 |a [Библиогр.: 3 назв.] 
333 |a Режим доступа: по договору с организацией-держателем ресурса 
461 |t Международный журнал прикладных и фундаментальных исследований  |d 2007- 
463 |t № 1-1  |v [С. 174-175]  |d 2015 
610 1 |a электронный ресурс 
610 1 |a труды учёных ТПУ 
610 1 |a занятия 
610 1 |a декоративно-прикладное искусство 
610 1 |a навыки 
610 1 |a дети с ограниченными возможностями 
700 1 |a Косовец  |b Е. Л.  |g Евгения Леонидовна 
701 1 |a Орлова  |b К. Н.  |c физик  |c доцент Юргинского технологического института (филиала) Томского политехнического университета, кандидат технических наук  |f 1985-  |g Ксения Николаевна  |3 (RuTPU)RU\TPU\pers\28212  |9 13166 
712 0 2 |a Национальный исследовательский Томский политехнический университет  |b Юргинский технологический институт (филиал)  |b Кафедра безопасности жизнедеятельности, экологии и физического воспитания  |3 (RuTPU)RU\TPU\col\18930 
801 0 |a RU  |b 63413507  |c 20220413  |g RCR 
856 4 |u https://elibrary.ru/item.asp?id=22751409 
942 |c CF